[Event "Montcalm III 2001-02"]
[Site "Quebec CAN"]
[Date "2001.11.29"]
[Round "2"]
[White "Theriault, Jean-Louis"]
[Black "Bourassa, Andre"]
[Result "0-1"]
[WhiteElo "1446"]
[BlackElo "1575"]
[PlyCount "98"]
[GameId "2160767911484845"]
[EventDate "2001.11.22"]
[EventType "swiss"]
[EventRounds "5"]
[EventCountry "CAN"]

1. e4 c5 2. Nf3 d6 3. d4 cxd4 4. Nxd4 Nf6 5. Nc3 a6 6. Be3 b5 7. Bd3 Bb7 8. f3 Nbd7 9. Qd2 e5 10. Nb3 Be7 11. O-O O-O 12. Qf2 Rc8 13. Ne2 d5 14. exd5 Nxd5 15. Ng3 Nxe3 16. Qxe3 Bd5 17. Bxh7+ Kh8 18. Be4 Qb6 19. Qxb6 Nxb6 20. Bxd5 Nxd5 21. Nf5 Rxc2 22. Nxe7 Nxe7 23. Rfe1 Ng6 24. Nc1 Rd8 25. Kf1 Rxb2 26. Re2 Rd1+ 27. Kf2 Rxe2+ 28. Kxe2 Rh1 29. h3 Nf4+ 30. Kd2 Nxg2 31. Nb3 Rxa1 32. Nxa1 g5 33. Nb3 Nf4 34. Ke3 f5 35. Nc5 Nd5+ 36. Kd2 a5 37. Nb7 Kh7 38. Nd6 b4 39. Nxf5 Kg6 40. Nd6 Kf6 41. Ne4+ Kf5 42. Ke2 Nc3+ 43. Nxc3 bxc3 44. Kd3 Kf4 45. Kxc3 Kxf3 46. Kd2 e4 47. Ke1 a4 48. a3 Ke3 49. Kf1 Kd2 0-1

[Event "Montcalm III 2001-02"]
[Site "Quebec CAN"]
[Date "2001.12.06"]
[Round "3"]
[White "Angers, Gilles"]
[Black "Grant, James"]
[Result "1-0"]
[WhiteElo "1996"]
[BlackElo "1374"]
[PlyCount "57"]
[GameId "2160767911484846"]
[EventDate "2001.11.22"]
[EventType "swiss"]
[EventRounds "5"]
[EventCountry "CAN"]
[SourceTitle "EXT 2009"]
[Source "ChessBase"]
[SourceDate "2008.11.26"]
[SourceVersion "1"]
[SourceVersionDate "2008.11.26"]
[SourceQuality "1"]

1. e4 e5 2. Nf3 Nc6 3. Bb5 a6 4. Ba4 Nf6 5. O-O Be7 6. Re1 b5 7. Bb3 d6 8. c3 Na5 9. Bc2 O-O 10. d4 Bg4 11. dxe5 Bxf3 12. Qxf3 dxe5 13. Rd1 Qc8 14. Nd2 c5 15. Nf1 Nc4 16. b3 Nd6 17. Bg5 Qe6 18. Ne3 Nfe8 19. Bxe7 Qxe7 20. Nd5 Qb7 21. Qg3 f6 22. Qg4 Qf7 23. a4 Nc7 24. Nxc7 f5 25. exf5 Qxc7 26. axb5 Nxb5 27. f6 Qf7 28. Qh3 g6 29. Rd7 1-0

[Event "Montcalm III 2001-02"]
[Site "Quebec CAN"]
[Date "2001.12.06"]
[Round "3"]
[White "Bourassa, Andre"]
[Black "Poitras, Marc"]
[Result "1-0"]
[WhiteElo "1575"]
[BlackElo "1294"]
[PlyCount "104"]
[GameId "2160767911484847"]
[EventDate "2001.11.22"]
[EventType "swiss"]
[EventRounds "5"]
[EventCountry "CAN"]

1. d4 Nf6 2. c4 g6 3. Nc3 Bg7 4. e4 d6 5. Be3 Nbd7 6. Be2 O-O 7. Qd2 c5 8. d5 b6 9. h4 h5 10. O-O-O Ne5 11. Nf3 Neg4 12. Nh2 Nxe3 13. Qxe3 Kh7 14. Kb1 e6 15. g4 hxg4 16. Bxg4 exd5 17. Bxc8 d4 18. Qg3 dxc3 19. Bb7 Rb8 20. Rxd6 Qc7 21. h5 Rxb7 22. hxg6+ fxg6 23. Ng4+ Nh5 24. Qd3 Qf7 25. e5 Qf5 26. Nf6+ Kh6 27. Qxf5 gxf5 28. Nxh5+ Kh7 29. Nf6+ Kg6 30. Nd7+ Kf7 31. Nxf8 Kxf8 32. f4 cxb2 33. Kxb2 Re7 34. Re1 Kf7 35. Kb3 Bf8 36. Rf6+ Ke8 37. Rd1 Rf7 38. Rd8+ Ke7 39. Rd7+ Kxd7 40. Rxf7+ Be7 41. Rxf5 Ke6 42. Rh5 Bf8 43. Kc3 a6 44. a4 Bg7 45. Kd3 b5 46. cxb5 axb5 47. axb5 Kd5 48. b6 c4+ 49. Ke3 Kc6 50. b7 Bxe5 51. Rxe5 Kxb7 52. Rc5 Kb6 1-0

[Event "Montcalm III 2001-02"]
[Site "Quebec CAN"]
[Date "2001.12.06"]
[Round "3"]
[White "Caire, Francois"]
[Black "Auger, Bertrand"]
[Result "1-0"]
[WhiteElo "2136"]
[BlackElo "2039"]
[PlyCount "65"]
[GameId "2160767911484848"]
[EventDate "2001.11.22"]
[EventType "swiss"]
[EventRounds "5"]
[EventCountry "CAN"]

1. f4 b5 2. e3 Bb7 3. Nf3 a6 4. c4 b4 5. d4 Nf6 6. Bd3 e6 7. Qe2 d5 8. Nbd2 Be7 9. O-O Ne4 10. Ne5 O-O 11. cxd5 exd5 12. Nxe4 dxe4 13. Bc4 Bd5 14. Bd2 a5 15. Rac1 c6 16. Bxd5 Qxd5 17. Qc4 Ra6 18. Qxd5 cxd5 19. Rc7 Bd6 20. Rb7 f6 21. Rc1 fxe5 22. fxe5 Rc6 23. Rxc6 Nxc6 24. exd6 Rd8 25. d7 Kf7 26. Rc7 Ne7 27. Ra7 Ke6 28. Rxa5 Nc6 29. Rb5 Rxd7 30. Bxb4 Rc7 31. Bc5 h5 32. b4 Rc8 33. a4 1-0

[Event "Montcalm III 2001-02"]
[Site "Quebec CAN"]
[Date "2001.12.06"]
[Round "3"]
[White "Plante, Rejean"]
[Black "Audet-Bouchard, Nicolas"]
[Result "1-0"]
[WhiteElo "2166"]
[BlackElo "2038"]
[PlyCount "103"]
[GameId "2160767911484849"]
[EventDate "2001.11.22"]
[EventType "swiss"]
[EventRounds "5"]
[EventCountry "CAN"]
[SourceTitle "EXT 2009"]
[Source "ChessBase"]
[SourceDate "2008.11.26"]
[SourceVersion "1"]
[SourceVersionDate "2008.11.26"]
[SourceQuality "1"]

1. d4 Nf6 2. c4 e6 3. Nc3 Bb4 4. Nf3 c5 5. e3 Ne4 6. Qc2 cxd4 7. exd4 Qa5 8. Qxe4 Bxc3+ 9. Nd2 Bb4 10. a3 O-O 11. Rb1 Be7 12. b4 Qc7 13. Bd3 f5 14. Qe2 b6 15. Nf3 Bb7 16. b5 a6 17. a4 Bf6 18. O-O Re8 19. d5 g6 20. Re1 e5 21. Qc2 d6 22. Bb2 Nd7 23. bxa6 Bxa6 24. Bf1 Bb7 25. Rec1 Nc5 26. Ra1 Ra7 27. Ra3 Rea8 28. Rca1 Bc8 29. Bc3 Bd7 30. a5 bxa5 31. Nd2 a4 32. f4 Bg7 33. fxe5 dxe5 34. Re1 Nd3 35. Qxd3 Qc5+ 36. Bd4 exd4 37. Raa1 Bh6 38. Nf3 Be3+ 39. Kh1 f4 40. Qa3 Qxa3 41. Rxa3 Rb7 42. Rd1 Rb3 43. Raa1 Bg4 44. h3 Bh5 45. c5 a3 46. c6 Rc3 47. Bd3 g5 48. d6 Rd8 49. d7 g4 50. hxg4 Bxg4 51. Bb5 Rc5 52. Rxa3 1-0

[Event "Montcalm III 2001-02"]
[Site "Quebec CAN"]
[Date "2001.12.06"]
[Round "3"]
[White "St Amand, Paul Jr"]
[Black "Fillion, Nicolas"]
[Result "1-0"]
[WhiteElo "2105"]
[BlackElo "1410"]
[PlyCount "43"]
[GameId "2160767911484850"]
[EventDate "2001.11.22"]
[EventType "swiss"]
[EventRounds "5"]
[EventCountry "CAN"]
[SourceTitle "EXT 2009"]
[Source "ChessBase"]
[SourceDate "2008.11.26"]
[SourceVersion "1"]
[SourceVersionDate "2008.11.26"]
[SourceQuality "1"]

1. c4 Nf6 2. Nc3 g6 3. g3 Bg7 4. Bg2 O-O 5. e4 d6 6. Nge2 Nbd7 7. O-O e5 8. d3 Nh5 9. f4 f5 10. exf5 gxf5 11. Be3 c6 12. Qd2 Kh8 13. Rae1 Ndf6 14. Kh1 Ng4 15. Bg1 exf4 16. Nxf4 Nxf4 17. Qxf4 Be5 18. Qf3 Qf6 19. d4 Bxd4 20. Bxd4 Qxd4 21. Re4 Qg7 22. Rxg4 1-0

[Event "Montcalm III 2001-02"]
[Site "Quebec CAN"]
[Date "2001.12.13"]
[Round "4"]
[White "Angers, Gilles"]
[Black "St Amand, Paul Jr"]
[Result "1/2-1/2"]
[WhiteElo "1982"]
[BlackElo "2105"]
[PlyCount "47"]
[GameId "2160767911484851"]
[EventDate "2001.11.22"]
[EventType "swiss"]
[EventRounds "5"]
[EventCountry "CAN"]
[SourceTitle "EXT 2009"]
[Source "ChessBase"]
[SourceDate "2008.11.26"]
[SourceVersion "1"]
[SourceVersionDate "2008.11.26"]
[SourceQuality "1"]

1. c4 c5 2. Nc3 Nc6 3. Nf3 Nf6 4. e4 e6 5. Be2 d5 6. e5 d4 7. exf6 dxc3 8. fxg7 cxd2+ 9. Bxd2 Bxg7 10. Qc2 Qb6 11. Rb1 Nb4 12. Qb3 e5 13. O-O Bf5 14. Rbc1 Rd8 15. Bg5 f6 16. Nh4 Bd3 17. Bh5+ Ke7 18. Be3 Bxf1 19. Nf5+ Kf8 20. Rxf1 Nc6 21. Qa3 Nb4 22. Qb3 Nc6 23. Qa3 Nb4 24. Qb3 1/2-1/2

[Event "Montcalm III 2001-02"]
[Site "Quebec CAN"]
[Date "2001.12.13"]
[Round "4"]
[White "Boudreau, Daniel"]
[Black "Caire, Francois"]
[Result "1/2-1/2"]
[WhiteElo "2068"]
[BlackElo "2163"]
[PlyCount "73"]
[GameId "2160767911484852"]
[EventDate "2001.11.22"]
[EventType "swiss"]
[EventRounds "5"]
[EventCountry "CAN"]
[SourceTitle "EXT 2009"]
[Source "ChessBase"]
[SourceDate "2008.11.26"]
[SourceVersion "1"]
[SourceVersionDate "2008.11.26"]
[SourceQuality "1"]

1. e4 c5 2. Nc3 Nc6 3. g3 g6 4. Bg2 Bg7 5. d3 d6 6. Be3 Nd4 7. Qd2 Qa5 8. Nge2 Nxe2 9. Kxe2 Bg4+ 10. f3 Be6 11. d4 cxd4 12. Bxd4 Bxd4 13. Qxd4 Nf6 14. b4 Qc7 15. Kd2 Rc8 16. Bf1 O-O 17. Bd3 Bd7 18. Nd5 Nxd5 19. exd5 b5 20. h4 Bf5 21. a4 Bxd3 22. Qxd3 bxa4 23. Rxa4 Qb6 24. Ke2 e6 25. dxe6 Rfe8 26. b5 Rxe6+ 27. Re4 Rxe4+ 28. fxe4 Qc5 29. Rc1 Qe5 30. c4 d5 31. Qxd5 Qxg3 32. Rf1 Rc7 33. Qd8+ Kg7 34. Qd4+ Kg8 35. Qd8+ Kg7 36. Qd4+ Kg8 37. Qd8+ 1/2-1/2

[Event "Montcalm III 2001-02"]
[Site "Quebec CAN"]
[Date "2001.12.13"]
[Round "4"]
[White "Dion, Jean-Francois"]
[Black "Nadon, Guy"]
[Result "1-0"]
[WhiteElo "1713"]
[BlackElo "1241"]
[PlyCount "67"]
[GameId "2160767911484853"]
[EventDate "2001.11.22"]
[EventType "swiss"]
[EventRounds "5"]
[EventCountry "CAN"]
[SourceTitle "EXT 2009"]
[Source "ChessBase"]
[SourceDate "2008.11.26"]
[SourceVersion "1"]
[SourceVersionDate "2008.11.26"]
[SourceQuality "1"]

1. d4 d5 2. Nf3 c6 3. c3 Nf6 4. Bf4 Bg4 5. Nbd2 e6 6. e3 Qb6 7. Qb3 Nbd7 8. Bd3 Be7 9. Qc2 O-O 10. h3 Bh5 11. O-O c5 12. dxc5 Nxc5 13. Be2 Bg6 14. Qc1 Rac8 15. Ne5 Bh5 16. g4 Bg6 17. Nxg6 fxg6 18. Nb3 Nfe4 19. Qc2 Bh4 20. f3 Nxb3 21. Qxb3 Qxb3 22. axb3 Nd2 23. Rfd1 Nxb3 24. Rxa7 Nc5 25. Bd6 Rf7 26. Rda1 Na6 27. Bxa6 bxa6 28. Rxf7 Kxf7 29. Rxa6 Bd8 30. Ra7+ Kg8 31. Kf2 Bb6 32. Rb7 Rc6 33. Be5 h6 34. Rxg7+ 1-0

[Event "Montcalm III 2001-02"]
[Site "Quebec CAN"]
[Date "2001.12.13"]
[Round "4"]
[White "Fillion, Nicolas"]
[Black "Bourassa, Andre"]
[Result "1-0"]
[WhiteElo "1426"]
[BlackElo "1575"]
[PlyCount "79"]
[GameId "2160767911484854"]
[EventDate "2001.11.22"]
[EventType "swiss"]
[EventRounds "5"]
[EventCountry "CAN"]

1. e4 c5 2. Nc3 d6 3. g3 g6 4. Bg2 Bg7 5. d3 e6 6. Be3 Nc6 7. Qd2 Nge7 8. Nge2 a6 9. d4 c4 10. a4 d5 11. e5 Bd7 12. Bh6 Bxh6 13. Qxh6 Nf5 14. Qd2 O-O 15. h4 h5 16. Nd1 f6 17. exf6 Qxf6 18. c3 Kg7 19. O-O Na5 20. Ra3 b5 21. axb5 axb5 22. Ne3 Nb3 23. Nxf5+ Qxf5 24. Qd1 Rxa3 25. bxa3 Ra8 26. Nf4 Rxa3 27. Bh3 Qf7 28. Qe2 Ra6 29. Re1 b4 30. Qe5+ Kh7 31. cxb4 Qg7 32. Qxg7+ Kxg7 33. Bxe6 Nxd4 34. Bxd5 Kf6 35. Bxc4 Nf3+ 36. Kh1 Ra4 37. Nd5+ Kf5 38. Bd3+ Kg4 39. Nf6+ Kh3 40. Bf1# 1-0

[Event "Montcalm III 2001-02"]
[Site "Quebec CAN"]
[Date "2001.12.13"]
[Round "4"]
[White "Grant, James"]
[Black "Auger, Bertrand"]
[Result "0-1"]
[WhiteElo "1374"]
[BlackElo "2039"]
[PlyCount "91"]
[GameId "2160767911484855"]
[EventDate "2001.11.22"]
[EventType "swiss"]
[EventRounds "5"]
[EventCountry "CAN"]

1. d4 d5 2. c4 e6 3. Nc3 Be7 4. Nf3 Nf6 5. Bg5 O-O 6. e3 h6 7. Bh4 b6 8. Be2 Bb7 9. O-O Nbd7 10. Qc2 Rc8 11. cxd5 Nxd5 12. Bxe7 Qxe7 13. Nxd5 exd5 14. Rfc1 c5 15. Qd1 c4 16. Rc3 b5 17. a3 a5 18. Rcc1 Rc7 19. Qe1 Ra8 20. b4 axb4 21. axb4 Rcc8 22. g3 Ra4 23. Rxa4 bxa4 24. Bd1 Nb6 25. Qc3 Ra8 26. Ra1 f6 27. Nd2 Bc8 28. f3 Bf5 29. Kf2 Bd3 30. Be2 Re8 31. Nf1 Bxe2 32. Kxe2 Qd7 33. g4 Qb5 34. Ng3 g6 35. Kf2 Re7 36. h4 Nc8 37. e4 Nb6 38. Re1 Qe8 39. e5 fxe5 40. dxe5 a3 41. f4 Qa4 42. e6 Qb3 43. Qe5 Qb2+ 44. Re2 Qxe5 45. Rxe5 a2 46. Re1 0-1

[Event "Montcalm III 2001-02"]
[Site "Quebec CAN"]
[Date "2001.12.13"]
[Round "4"]
[White "Leroux, Alexis"]
[Black "Plante, Rejean"]
[Result "0-1"]
[WhiteElo "1382"]
[BlackElo "2166"]
[PlyCount "82"]
[GameId "2160767911484856"]
[EventDate "2001.11.22"]
[EventType "swiss"]
[EventRounds "5"]
[EventCountry "CAN"]
[SourceTitle "EXT 2009"]
[Source "ChessBase"]
[SourceDate "2008.11.26"]
[SourceVersion "1"]
[SourceVersionDate "2008.11.26"]
[SourceQuality "1"]

1. e4 c5 2. Nc3 Nc6 3. g3 g6 4. Bg2 Bg7 5. Nge2 d6 6. d3 Rb8 7. a4 a6 8. f4 b5 9. O-O b4 10. Nd5 e6 11. Ne3 Nd4 12. Nxd4 Bxd4 13. Rb1 Bd7 14. b3 Ne7 15. Re1 Nc6 16. Kh1 O-O 17. f5 exf5 18. exf5 Ne5 19. fxg6 hxg6 20. Bb2 Bxb2 21. Rxb2 Nc6 22. Nc4 Qc7 23. Rf1 Nd4 24. Qd2 Bc6 25. Ne3 Qb7 26. Rf2 Rbe8 27. Rb1 f5 28. Rbf1 Re5 29. Kg1 Bxg2 30. Nxg2 Rfe8 31. Qg5 Qg7 32. Nh4 Kh7 33. g4 fxg4 34. Qxg4 Re1 35. Qh3 Kg8 36. Qg4 R8e6 37. Nf3 Rxf1+ 38. Kxf1 Nf5 39. Kg1 Qa1+ 40. Rf1 Qxf1+ 41. Kxf1 Ne3+ 0-1

[Event "Montcalm III 2001-02"]
[Site "Quebec CAN"]
[Date "2001.12.13"]
[Round "4"]
[White "Papineau (Granby), Daniel"]
[Black "Angers, Gilles"]
[Result "1-0"]
[WhiteElo "1900"]
[BlackElo "1882"]
[PlyCount "101"]
[GameId "2160767911484857"]
[EventDate "2001.11.22"]
[EventType "swiss"]
[EventRounds "5"]
[EventCountry "CAN"]

1. d4 Nf6 2. c4 c5 3. d5 b5 4. cxb5 a6 5. b6 Bb7 6. Nc3 e6 7. dxe6 fxe6 8. Nf3 Be7 9. g3 Qxb6 10. Bg2 d5 11. O-O Nbd7 12. Qc2 d4 13. Na4 Qb5 14. Ng5 Bxg2 15. Kxg2 O-O 16. Kg1 Qc6 17. b3 h6 18. Nh3 Nd5 19. Bd2 e5 20. Rac1 Qe6 21. Kg2 e4 22. Nf4 Nxf4+ 23. Bxf4 Rxf4 24. gxf4 Qg4+ 25. Kh1 Qxf4 26. Rg1 Bd6 27. Rg2 Ne5 28. Rcg1 Ng4 29. Qc4+ Kh8 30. Qe6 h5 31. Qg6 Qe5 32. h3 Rf8 33. hxg4 Rf6 34. Qxh5+ Rh6 35. Qxh6+ gxh6 36. Rg3 d3 37. e3 Qf6 38. Rh3 Kg7 39. Kg2 Be5 40. Nxc5 Qc6 41. b4 a5 42. Rh5 Bc3 43. Rgh1 axb4 44. g5 Qg6 45. Kf1 hxg5 46. Rxg5 Qxg5 47. Ne6+ Kg6 48. Nxg5 Kxg5 49. f3 exf3 50. Kf2 Kf5 51. Kxf3 1-0

[Event "Montcalm III 2001-02"]
[Site "Quebec CAN"]
[Date "2001.12.20"]
[Round "5"]
[White "Auger, Bertrand"]
[Black "Fecteau, Martin"]
[Result "1/2-1/2"]
[WhiteElo "2039"]
[BlackElo "1894"]
[PlyCount "95"]
[GameId "2160767911484858"]
[EventDate "2001.11.22"]
[EventType "swiss"]
[EventRounds "5"]
[EventCountry "CAN"]

1. c4 e5 2. Nc3 Nc6 3. g3 g6 4. Bg2 Bg7 5. e3 d6 6. Nge2 Nge7 7. O-O O-O 8. Rb1 Be6 9. d3 Qd7 10. Nd5 Rae8 11. b4 Nd8 12. b5 c6 13. bxc6 bxc6 14. Ndc3 Bh3 15. Qa4 Bxg2 16. Kxg2 Ne6 17. Ba3 Qc7 18. Ne4 Nc8 19. Qa6 f5 20. Rb7 Qd8 21. Nd2 f4 22. e4 Qf6 23. Nf3 Nc5 24. Bxc5 dxc5 25. g4 Qd6 26. Nc1 Rf7 27. Rxf7 Kxf7 28. Ng5+ Kg8 29. f3 Bf6 30. Nh3 Qc7 31. Nb3 Qb6 32. Qa3 Be7 33. Qb2 Bf8 34. Rb1 Qd8 35. Nc1 Nb6 36. Qf2 Be7 37. Ng1 Qd4 38. Nge2 Qxf2+ 39. Kxf2 Bh4+ 40. Kf1 Rb8 41. Nc3 Nd7 42. Nb3 Bd8 43. Ke2 Kf7 44. Kd2 Ke7 45. h4 Kd6 46. g5 Bc7 47. Kc2 Nf8 48. a3 1/2-1/2

[Event "Montcalm III 2001-02"]
[Site "Quebec CAN"]
[Date "2001.12.20"]
[Round "5"]
[White "Beaudoin, Stephane"]
[Black "Dion, Jean-Francois"]
[Result "1-0"]
[WhiteElo "2093"]
[BlackElo "1713"]
[PlyCount "73"]
[GameId "2160767911484859"]
[EventDate "2001.11.22"]
[EventType "swiss"]
[EventRounds "5"]
[EventCountry "CAN"]
[SourceTitle "EXT 2009"]
[Source "ChessBase"]
[SourceDate "2008.11.26"]
[SourceVersion "1"]
[SourceVersionDate "2008.11.26"]
[SourceQuality "1"]

1. e4 d6 2. f4 Nf6 3. Nc3 g6 4. Nf3 Bg7 5. Bc4 O-O 6. O-O c5 7. d3 a6 8. a4 Nc6 9. Qe1 Nd7 10. Ng5 h6 11. Nf3 e6 12. Be3 Re8 13. Qf2 Nf6 14. Bd2 b6 15. Bb3 d5 16. e5 Nd7 17. Rae1 Bb7 18. Qg3 Qc7 19. f5 Ndxe5 20. fxg6 f6 21. Qh3 Rad8 22. Nxe5 Nxe5 23. Bf4 Qd7 24. Bxh6 Bxh6 25. Qxh6 Qg7 26. Qh3 Bc8 27. Ne2 Nxg6 28. Ng3 e5 29. Qh5 Kf7 30. Ne4 Ke7 31. Nxf6 Be6 32. Qg5 Kd6 33. Rxe5 Re7 34. Ree1 Kc6 35. Rxe6+ Rxe6 36. Bxd5+ Kd6 37. Ne4+ 1-0

[Event "Montcalm III 2001-02"]
[Site "Quebec CAN"]
[Date "2001.12.20"]
[Round "5"]
[White "Bisson, Real"]
[Black "Leroux, Alexis"]
[Result "1-0"]
[WhiteElo "1631"]
[BlackElo "1416"]
[PlyCount "65"]
[GameId "2160767911484860"]
[EventDate "2001.11.22"]
[EventType "swiss"]
[EventRounds "5"]
[EventCountry "CAN"]
[SourceTitle "EXT 2009"]
[Source "ChessBase"]
[SourceDate "2008.11.26"]
[SourceVersion "1"]
[SourceVersionDate "2008.11.26"]
[SourceQuality "1"]

1. e4 e6 2. d4 d5 3. e5 c5 4. c3 Nc6 5. Nf3 cxd4 6. cxd4 Nge7 7. Bd2 Nf5 8. Bc3 Qb6 9. Be2 Bb4 10. O-O Bxc3 11. bxc3 Qb2 12. Nbd2 Qxc3 13. Nb3 O-O 14. Rc1 Qb4 15. Rc5 Rb8 16. Qd3 Qb6 17. g4 Nfe7 18. Ng5 Ng6 19. f4 Qd8 20. Qd2 f6 21. Nf3 fxe5 22. fxe5 Nf4 23. Bd1 Bd7 24. h4 b6 25. Rc3 Rb7 26. Ng5 Ng6 27. Rxf8+ Nxf8 28. Bc2 Nb4 29. Bb1 Qe7 30. Rf3 Rc7 31. Qf2 Bc8 32. Rxf8+ Qxf8 33. Bxh7+ 1-0

[Event "Montcalm III 2001-02"]
[Site "Quebec CAN"]
[Date "2001.12.20"]
[Round "5"]
[White "Caron, Gabriel"]
[Black "Bourassa, Andre"]
[Result "1/2-1/2"]
[WhiteElo "1508"]
[BlackElo "1575"]
[PlyCount "38"]
[GameId "2160767911484861"]
[EventDate "2001.11.22"]
[EventType "swiss"]
[EventRounds "5"]
[EventCountry "CAN"]

1. d4 d5 2. e3 Nf6 3. Bd3 e6 4. Nf3 c5 5. b3 Qc7 6. Bb2 c4 7. bxc4 dxc4 8. Be2 Ne4 9. c3 Bd7 10. Qc2 f5 11. Ne5 Bd6 12. Nd2 Nxd2 13. Qxd2 Bxe5 14. dxe5 O-O 15. O-O Qxe5 16. Bxc4 Qc7 17. Bb3 Nc6 18. Rfd1 Rad8 19. Qd6 Qxd6 1/2-1/2

[Event "Montcalm III 2001-02"]
[Site "Quebec CAN"]
[Date "2001.12.20"]
[Round "5"]
[White "Fillion, Nicolas"]
[Black "Boudreau, Daniel"]
[Result "0-1"]
[WhiteElo "1426"]
[BlackElo "2068"]
[PlyCount "64"]
[GameId "2160767911484862"]
[EventDate "2001.11.22"]
[EventType "swiss"]
[EventRounds "5"]
[EventCountry "CAN"]
[SourceTitle "EXT 2009"]
[Source "ChessBase"]
[SourceDate "2008.11.26"]
[SourceVersion "1"]
[SourceVersionDate "2008.11.26"]
[SourceQuality "1"]

1. e4 c5 2. Nc3 Nc6 3. g3 g6 4. Bg2 Bg7 5. d3 d6 6. Be3 b5 7. Qd2 Rb8 8. f4 e6 9. Nf3 Nd4 10. O-O Ne7 11. Nh4 Qa5 12. Qf2 O-O 13. Nd1 b4 14. c3 bxc3 15. bxc3 Nb5 16. d4 Nxc3 17. Nxc3 Qxc3 18. dxc5 Rb2 19. Qe1 Qa3 20. cxd6 Qxd6 21. e5 Qa6 22. Qc3 Re2 23. Bc5 Nd5 24. Bxd5 exd5 25. Bxf8 Bxf8 26. Rab1 Bh3 27. Rf2 Rxf2 28. Kxf2 Qxa2+ 29. Qb2 Bc5+ 30. Ke1 Qc4 31. Qe2 Qc3+ 32. Kd1 Be3 0-1

[Event "Montcalm III 2001-02"]
[Site "Quebec CAN"]
[Date "2001.12.20"]
[Round "5"]
[White "Plante, Rejean"]
[Black "St Amand, Paul Jr"]
[Result "1/2-1/2"]
[WhiteElo "2166"]
[BlackElo "2105"]
[PlyCount "51"]
[GameId "2160767911484863"]
[EventDate "2001.11.22"]
[EventType "swiss"]
[EventRounds "5"]
[EventCountry "CAN"]
[SourceTitle "EXT 2009"]
[Source "ChessBase"]
[SourceDate "2008.11.26"]
[SourceVersion "1"]
[SourceVersionDate "2008.11.26"]
[SourceQuality "1"]

1. e4 c5 2. Nf3 d6 3. Bb5+ Bd7 4. Bxd7+ Nxd7 5. d4 cxd4 6. Qxd4 Ngf6 7. O-O e6 8. Nc3 a6 9. Bg5 Be7 10. Rfe1 O-O 11. Rad1 Qc7 12. h3 Rac8 13. a4 Rfd8 14. Qd2 Nb6 15. Qe2 Nc4 16. Bc1 Qa5 17. Rd3 b5 18. axb5 axb5 19. Nd4 b4 20. Nd1 Ne5 21. Rg3 d5 22. exd5 Rxd5 23. c3 bxc3 24. bxc3 Qd8 25. Ne3 Rdc5 26. Ba3 1/2-1/2

[Event "Montcalm IV 2000-01"]
[Site "Quebec CAN"]
[Date "2001.01.11"]
[Round "1"]
[White "Auger, Bertrand"]
[Black "Pilote, Guillaume"]
[Result "1-0"]
[WhiteElo "1995"]
[BlackElo "1791"]
[PlyCount "60"]
[GameId "2160767911618734"]
[EventDate "2001.01.11"]
[EventType "tourn"]
[EventRounds "5"]
[EventCountry "CAN"]

1. Nf3 Nf6 2. g3 g6 3. b4 Bg7 4. Bb2 O-O 5. Bg2 d6 6. O-O Na6 7. a3 c5 8. b5 Nc7 9. c4 d5 10. d3 Rb8 11. Nbd2 Be6 12. Ng5 dxc4 13. Nxe6 Nxe6 14. Nxc4 Ne8 15. Bxg7 N8xg7 16. Qd2 f6 17. b6 axb6 18. Rab1 b5 19. Rxb5 Qd7 20. Rfb1 Rfd8 21. Ne3 Rbc8 22. Rxb7 Qa4 23. Qa2 Kf8 24. Nd5 Qe8 25. Rxe7 Qxe7 26. Nxe7 Kxe7 27. Rb7+ Rc7 28. Rxc7+ Nxc7 29. a4 Nge6 30. a5 Nd4 1-0

[Event "Montcalm IV 2000-01"]
[Site "Quebec CAN"]
[Date "2001.01.18"]
[Round "2"]
[White "Auger, Bertrand"]
[Black "Martineau, Michel"]
[Result "1/2-1/2"]
[WhiteElo "1995"]
[BlackElo "1828"]
[PlyCount "69"]
[GameId "2160767911618735"]
[EventDate "2001.01.11"]
[EventType "tourn"]
[EventRounds "5"]
[EventCountry "CAN"]

1. c4 g6 2. g3 Bg7 3. Bg2 e5 4. e3 f5 5. Ne2 Nf6 6. O-O O-O 7. Nbc3 d6 8. d3 c6 9. Rb1 Be6 10. b3 Qd7 11. e4 Na6 12. d4 fxe4 13. dxe5 dxe5 14. Ba3 Rf7 15. Nxe4 Nxe4 16. Bxe4 Rd8 17. Qc2 Qe8 18. Rbd1 Rfd7 19. Rxd7 Qxd7 20. Nc3 Bg4 21. f3 Qd4+ 22. Kg2 Qd2+ 23. Rf2 Qxc2 24. Bxc2 Bf5 25. Ne4 Bf8 26. Bxf8 Kxf8 27. Ng5 Rd7 28. g4 Bxc2 29. Rxc2 Nc5 30. Re2 Nd3 31. Kg3 h6 32. Nh3 Kf7 33. Nf2 Nc1 34. Rc2 Nd3 35. Re2 1/2-1/2

[Event "Montcalm IV 2000-01"]
[Site "Quebec CAN"]
[Date "2001.01.18"]
[Round "2"]
[White "Leblanc, David"]
[Black "Genest, Dominic"]
[Result "1-0"]
[WhiteElo "1294"]
[BlackElo "1315"]
[PlyCount "75"]
[GameId "2160767911618736"]
[EventDate "2001.01.11"]
[EventType "tourn"]
[EventRounds "5"]
[EventCountry "CAN"]

1. e4 e5 2. Nf3 Nc6 3. Bb5 a6 4. Ba4 Nf6 5. d3 b5 6. Bb3 Bc5 7. Nc3 h6 8. O-O d6 9. h3 O-O 10. Be3 Bxe3 11. fxe3 Bb7 12. a3 Nb8 13. Nh2 Nbd7 14. Ne2 c6 15. Ng3 d5 16. exd5 Nxd5 17. Qf3 Qg5 18. e4 Nf4 19. Qg4 Qxg4 20. Nxg4 c5 21. Rf2 Rad8 22. Raf1 Kh8 23. Ba2 f6 24. Nf5 c4 25. dxc4 Bxe4 26. Nd6 Bxc2 27. cxb5 Rb8 28. Rxc2 axb5 29. Rc7 Nb6 30. Nxb5 Na4 31. Nd6 Rxb2 32. Rxf4 exf4 33. Be6 Rb6 34. Nf7+ Kh7 35. Bf5+ Kg8 36. Nfxh6+ Kh8 37. Nf7+ Rxf7 38. Rc8+ 1-0

[Event "Montcalm IV 2000-01"]
[Site "Quebec CAN"]
[Date "2001.01.25"]
[Round "3"]
[White "Genest, Dominic"]
[Black "Poitras, Marc"]
[Result "1-0"]
[WhiteElo "1315"]
[BlackElo "1235"]
[PlyCount "35"]
[GameId "2160767911618737"]
[EventDate "2001.01.11"]
[EventType "tourn"]
[EventRounds "5"]
[EventCountry "CAN"]

1. e4 c5 2. Nf3 Nc6 3. d4 cxd4 4. Nxd4 Nf6 5. Nc3 g6 6. f4 Bg7 7. e5 Ng8 8. Be2 d6 9. Bf3 dxe5 10. Nxc6 bxc6 11. Bxc6+ Bd7 12. Bxa8 Qxa8 13. O-O exf4 14. Nd5 Qb7 15. Bxf4 Qxb2 16. Rb1 Qxa2 17. Nc7+ Kf8 18. Rb8+ 1-0